| 000 | 00414nam a2200157 i 4500 | ||
|---|---|---|---|
| 001 | bg | ||
| 100 | 1 | _aKERNER, Immo | |
| 245 | 0 |
_aEinführung in der Algoritmische sprache Algol / _cImmo Kerner, Gerhard Zielke. |
|
| 250 | _aVierte berichtigte Auflage. | ||
| 260 |
_aLeipzig, _c1970. |
||
| 700 | 1 | _aZIELKE, Gerhard | |
| 040 | _cBPK | ||
| 041 | _apol | ||
| 942 | _cKS | ||
| 008 | s pl f |000 0 pol | ||
| 999 |
_c13690 _d13690 |
||
| 856 |
_uhttp://koha.tu.koszalin.pl/cgi-bin/koha/opac-detail.pl?biblionumber=13690 _yKatalog online BPK |
||